000
00273nam a2200097Ia 4500
008
241105s9999 xx 000 0 und d
041
_a
eng
100
_a
Gaikwad Renuka
_9
182560
245
_a
Center For Diamond Design And Production
260
_b
Final Year B. Arch, BNCA
_c
2014
999
_c
360849
_d
360849